Mitos indígenas

Збережено в:
Бібліографічні деталі
Автор: Yáñez, Agustín
Формат: Книга
Мова:Spanish
Опубліковано: Distrito Federal, México Universidad Nacional Autónoma 1991
Предмети:
Теги: Додати тег
Немає тегів, Будьте першим, хто поставить тег для цього запису!

MARC

LEADER 00000nam a22000007a 4500
008 181003b xxu||||| |||| 00| 0 spa d
020 |a 968-36-2199-6 
040 |a cru BVZT 
090 |a 899 Y-1m 
100 |a Yáñez, Agustín 
245 |a Mitos indígenas  |c Agustín Yáñez 
260 |a Distrito Federal, México   |b Universidad Nacional Autónoma  |c 1991 
300 |a 187 páginas  
630 |l Español 
650 0 |9 174  |a MITOLOGÍA INDÍGENA  |z México 
650 0 |9 175  |a NAHUAS 
999 |c 30607  |d 30607 
942 |c LIB  |h 899 Y-1m  |2 z